Manažérske rozhodovanie

Gespeichert in:
Bibliographische Detailangaben
1. Verfasser: Jankelová, Nadežda, 1966-
Körperschaft: Ekonomická univerzita v Bratislave. Fakulta podnikového manažmentu
Weitere Verfasser: Szabo, Ľuboslav, Remeňová, Katarína, 1982-, Mišún, Juraj, 1978-, Kucharčíková, Alžbeta, Hajduová, Zuzana, 1974-
Format: Buch
Sprache:Slowakisch
Veröffentlicht: Bratislava Vydavateľstvo EKONÓM 2024
Ausgabe:1. vydanie
Schlagworte:
Tags: Tag hinzufügen
Keine Tags, Fügen Sie das erste Tag hinzu!

MARC

LEADER 00000nam a2200000 4500
001 0306022
005 20250221082022.8
020 |a 978-80-225-5191-5 
041 0 |a slo 
044 |a SK 
245 1 0 |a Manažérske rozhodovanie  |c Nadežda Jankelová a kolektív ; recenzenti: Alžbeta Kucharčíková, Zuzana Hajduová 
250 |a 1. vydanie 
264 1 |a Bratislava  |b Vydavateľstvo EKONÓM  |c 2024 
300 |a 222 s. [12,23 AH] 
610 2 0 |a rozhodovanie manažérske 
610 2 0 |a metódy rozhodovania 
610 2 0 |a procesy rozhodovacie 
610 2 0 |a analýza operačná 
610 2 0 |a systémy informačné manažérske 
100 1 |a Jankelová, Nadežda, 1966- 
700 1 |a Szabo, Ľuboslav 
700 1 |a Remeňová, Katarína, 1982- 
700 1 |a Mišún, Juraj, 1978- 
700 1 |a Kucharčíková, Alžbeta 
700 1 |a Hajduová, Zuzana, 1974- 
710 2 |a Ekonomická univerzita v Bratislave. Fakulta podnikového manažmentu